000 00814cam a22002773a 4500
001 26011
003 PGUSA
005 20140828083547.0
008 080708s2008||||xxu|||||s|||||000 1 eng d
040 _aPGUSA
_beng
042 _adc
050 4 _aPS
100 1 _aStringer, Arthur,
_d1874-1950
245 1 4 _aThe Prairie Mother
_h[electronic resource] /
_cArthur Stringer
260 _bProject Gutenberg,
_c2008
506 _aPublic domain in the USA.
516 _aElectronic text
653 _aFamily life -- Fiction
653 _aMarried people -- Fiction
653 _aCanada -- Fiction
653 _aFrontier and pioneer life -- Prairie Provinces -- Fiction
700 1 _aBecher, Arthur E.
830 0 _aProject Gutenberg
_v26011
856 4 0 _uhttp://www.gutenberg.org/ebooks/26011
942 _cEB
999 _c255266
_d255266